| 000 | nam a22 7a 4500 | ||
|---|---|---|---|
| 999 |
_c332090 _d332090 |
||
| 003 | NUST | ||
| 005 | 20171109141849.0 | ||
| 008 | 171109b xxu||||| |||| 00| 0 eng d | ||
| 020 | _a9781780401089 | ||
| 040 | _c0 | ||
| 082 | _a628.161 ZUC | ||
| 100 |
_aZuccheri,Giampaolo _96268 |
||
| 245 |
_aDetection of Pathogens in Water Using Micro and Nano-Technology _cGiampaolo Zuccheri |
||
| 260 |
_aLondon _bIWA _c2012 |
||
| 300 | _a298p. | ||
| 500 | _aP.B | ||
| 942 |
_2ddc _cBK _kIESE |
||